000 00610nam a22002177a 4500
005 20170124105926.0
010 _a891012
020 _c00.00
035 _a891012
037 _bCen Lib/Ret
040 _aDPL
_bEN
082 _a382.602
_bCHA
100 _aChatwal,K.S.
_974038
245 _aManual of export promotion /
_cby K.S.Chatwal
260 _aNew Delhi
_bEMMS
_c1977
270 _a902,Akash Deep 26A, Barakhamba road
_bNew Delhi
_e110001
300 _a372p.
_c22cm(Hb)
650 _aCommerce
_974039
650 _aMarketing-Organisation
_974040
942 _2ddc
_cEN
_h382.602
_mCHA
999 _c123510
_d123510